Le Parrain - Statistiques

Statistiques générales
  • Ce quiz a été pris 185 fois
  • Le résultat moyen est 5 sur 11
Statistiques - réponses
Hint Réponse % Correct
Où s'exile Michael (village) Corleone
78%
Prénom de celui qui meurt dans un péage Sonny
77%
Date de sortie du film 1972
74%
Qui se marie au début du film Connie
58%
Prénom de la femme présente avec Michael au début du film Kay
49%
L'écrivain du livre Mario Puzzo
48%
Prénom de la femme de Michael Appolonia
35%
Nom du trafiquant de drogue associé a la famille Tattaglia Sollozzo
30%
Prénom de l'actrice qui se fait baptiser dans le Parrain Sofia Coppola
23%
Nom de l'homme de main de la famille corleone Brazzi
17%
Personnage demandant la faveur de vito Buonasera
6%
Aucun quiz correspondant
Distribution des résultats
% des personnes avec chaque résultat
Percentile par nombre de réponses
Votre historique - résultats
Vous n’avez pas pris ce quiz